000 00521cam a2200193 4500
001 D5275
008 090401t1980 xxu||||| |||| 00| 0 eng d
035 _a(Sirsi) u96903
041 _aeng
050 _a692.5
100 _aHague, D.J.
245 _aComparative and category estimating: two techniques for pricing maintenance work
260 _aAscot, Berks
_bInstitute of Building
_c1980
300 _a8p. 30cm
350 _a0
490 _aEstimating Information Service
_v36
942 _n0
948 _c04/03/1997
999 _c98716
_d98716